| 000 | 00000nam##2200000za#4500 |
| 001 | 9.572653 |
| 003 | CaOODSP |
| 005 | 20210624183324 |
| 007 | cr ||||||||||| |
| 008 | 150406|2007||||xxc|||||o f|0| 0 eng|d |
| 022 | |a1701-1280 |
| 040 | |aCaOODSP|beng |
| 043 | |an-cn--- |
| 086 | 1 |aFs70-4/2006-033E-PDF |
| 110 | 1 |aCanada. |bDepartment of Fisheries and Oceans. |
| 245 | 10|aFinal report of the Fisheries Oceanography Committee 2006 annual meeting : |h[electronic resource]|b29-31 March 2006 - Bedford Institute of Oceanography, Dartmouth, Nova Scotia / |c[by] Mike Sinclair. |
| 246 | 3 |aRapport final de la réunion annuelle 2006 du Comité océanographique des pêches |
| 260 | |aDartmouth - Nova Scotia : |bFisheries and Oceans Canada |cJanuary 2007. |
| 300 | |a70p.|bcoloured maps, figs. (some coloured), graphs, references, tables |
| 490 | 1 |aCanadian Science Advisory Secretariat proceedings series|x1701-1280|v2006/033 |
| 546 | |aChiefly English, with bilingual foreword and abstract. |
| 590 | |a11-31-Supp|b2011-12-13 |
| 720 | 1 |aSinclair, Mike |
| 830 | #0|aProceedings series (Canadian Science Advisory Secretariat)|x1701-1280|v2006/033|w(CaOODSP)9.506483 |
| 856 | 40|ahttp://publications.gc.ca|qPDF|s5.05 MB|uhttps://publications.gc.ca/collections/collection_2011/mpo-dfo/Fs70-4-2006-033-eng.pdf|y2006/033 |